| 000 | 00427nam a22001697a 4500 | ||
|---|---|---|---|
| 999 |
_c525810 _d525810 |
||
| 003 | NUST | ||
| 020 | _q(Hbk) | ||
| 038 | _aM. Shaban | ||
| 082 |
_a891.491 _bLAT |
||
| 100 |
_aLatif, Wasif _916755 |
||
| 245 |
_aAgwai / _cWasif Latif |
||
| 260 |
_aLahore : _bMaqsood Publisher, _c2014. |
||
| 300 | _a544 p. ; | ||
| 880 |
_6100-01\r _aپروفیسر واصف لطیف |
||
| 880 |
_6245-02\r _aاَگوایئ / |
||
| 942 |
_2ddc _cBK |
||